Statistiken für USA-Quiz

Klicken Sie hier um das Quiz zu spielen!

Allgemein

  • Dieses Quiz wurde 675 mal gespielt
  • Das Durchschnittsergebnis liegt bei 17 aus 25

Antwortstatistiken

Hinweis Antwort % Korrekt
HauptstadtWashington, D.C.
100%
Nachbarländer der USAKanada
100%
Nachbarländer der USAMexiko
99%
Vier bevölkerungsreichste StädteNew York City
97%
Der einzige US-Staat, der komplett auf Inseln gelegen istHawaii
95%
Vier bevölkerungsreichste StädteLos Angeles
92%
Der erste Mann auf dem MondNeil Armstrong
90%
NationaltierWeißkopfseeadler
89%
Größte politische ParteienDemokratisch
85%
Längste FlüsseMississippi
83%
Größte politische ParteienRepublikanisch
82%
Der flächenmäßig größte StaatAlaska
80%
Vier bevölkerungsreichste StädteChicago
77%
# der Staaten50
74%
Der flächenmäßig kleinste StaatRhode Island
74%
Ort, an welchem die höchste je
gemessene Temperatur erreicht wurde
Death Valley
59%
Vier bevölkerungsreichste StädteHouston
55%
Krieg, der die meisten US-Todesopfer forderteAmerikanischer Bürgerkrieg
52%
Längste FlüsseMissouri
51%
Erfolgreichster olympischer AthletMichael Phelps
50%
Höchster BergDenali
42%
Hauptverfasser der
Unabhängigkeitserklärung
Thomas Jefferson
40%
Größter See, der an die USA grenztOberer See
34%
NationalhymneThe Star-Spangled
Banner
26%
Die ersten zehn Zusatzartikel zur US-VerfassungBill of Rights
21%

Verteilung der Resultate

Perzentil nach korrekt beantworteten Fragen

Anzahl Personen mit jedem Resultat

Ihre Resultats-Entwicklung

Sie haben dieses Quiz noch nicht gespielt